| Tag |
First Indicator |
Second Indicator |
Subfields |
| LEADER |
00000cam a2200000 a 4500 |
| 001 |
in00000019971 |
| 005 |
20151007053801.0 |
| 008 |
860509s1986 enk b 00110 eng |
| 010 |
|
|
|a 86011639
|
| 020 |
|
|
|a 0709910975 (pbk.) :
|c $22.50
|
| 035 |
|
|
|a (OCoLC)13666481
|
| 035 |
|
|
|9 AAB2801AM
|
| 040 |
|
|
|a DLC
|c DLC
|d m/c
|d TXA
|d UtOrBLW
|
| 043 |
|
|
|a e-uk---
|
| 049 |
|
|
|a TXAM
|c [A11059255]
|
| 050 |
0 |
0 |
|a JN1129.L32
|b F64 1986
|
| 082 |
0 |
|
|a 324.24107
|2 19
|
| 100 |
1 |
|
|a Foote, Geoffrey.
|
| 245 |
1 |
4 |
|a The Labour Party's political thought :
|b a history /
|c Geoffrey Foote.
|
| 250 |
|
|
|a 2nd ed.
|
| 264 |
|
1 |
|a London ;
|a Wolfeboro, N.H. :
|b Croom Helm,
|c [1986]
|
| 264 |
|
4 |
|c ©1986
|
| 300 |
|
|
|a 368 pages ;
|c 22 cm.
|
| 336 |
|
|
|a text
|b txt
|2 rdacontent
|
| 337 |
|
|
|a unmediated
|b n
|2 rdamedia
|
| 338 |
|
|
|a volume
|b nc
|2 rdacarrier
|
| 504 |
|
|
|a Includes bibliographies and index.
|
| 536 |
|
|
|a Dr. Paul P. Van Riper Collection Department of Political Science.
|
| 610 |
2 |
0 |
|a Labour Party (Great Britain)
|x History.
|
| 650 |
|
0 |
|a Political science
|z Great Britain
|x History.
|
| 650 |
|
0 |
|a Socialism
|z Great Britain
|x History.
|
| 651 |
|
0 |
|a Great Britain
|x Politics and government
|y 20th century.
|
| 999 |
|
|
|a MARS
|
| 999 |
f |
f |
|s 5ec24f99-c3b4-3b9a-a62e-8850c819674b
|i 7acd97e7-fb4e-343a-ae11-a90391b2f3e4
|t 0
|
| 952 |
f |
f |
|p ric
|a Texas A&M University
|b Rellis Campus
|c Joint Library Facility
|d Remote Storage
|t 0
|e JN1129.L32 F64 1986
|h Library of Congress classification
|i unmediated -- volume
|m A14821284894
|
| 998 |
f |
f |
|a JN1129.L32 F64 1986
|t 0
|l Remote Storage
|